| 000 | 00527 a2200133 4500 | ||
|---|---|---|---|
| 082 | _aMS-IT-9 SAQ | ||
| 100 |
_aAlam Jan _9100730 |
||
| 245 |
_aEfficient neighbour channel reservation (ENCR) for contention resolution in OBS networks _cAlam Jan |
||
| 260 |
_aIslamabad _bNUST-SEECS _c2012 |
||
| 300 |
_a43p. _b;ill. _c;27cm.+ _eCD ROM |
||
| 500 | _aSupervisors: Dr. Khurram Aziz, Dr. Adeel Baig, Dr. Anjum Naveed, Mr. Muhammad Ramzan | ||
| 856 | _uhttp://10.250.8.41:8080/xmlui/handle/123456789/10028 | ||
| 942 |
_cPR _kMS-IT-9 ALA _2ddc |
||
| 999 |
_c11348 _d11348 |
||